| 000 | 01590cas a2200541 a 4500 | ||
|---|---|---|---|
| 001 | 11159959 | ||
| 003 | ASAB | ||
| 005 | 20180827062548.0 | ||
| 007 | t| | ||
| 008 | 750824d19601994pl qx p 0 a0eng | ||
| 010 | _a 67033374 | ||
| 015 |
_a010750568 _2dnb |
||
| 016 | 7 |
_a1300141 _2DNLM |
|
| 016 | 7 |
_aG04640000 _2DNLM |
|
| 016 | 7 |
_a130892-0 _2DE-600 |
|
| 016 | 7 |
_a008541085 _2Uk |
|
| 016 | 7 |
_a010750568 _2de-101 |
|
| 016 | 7 |
_a1308920 _2de-600 |
|
| 022 |
_a0016-6715 _2z |
||
| 030 | _aGPOLA4 | ||
| 035 | _a(OCoLC)ocm01570588 | ||
| 040 |
_aDLC _beng _cASAB _dOClU _dOCoLC _dNIC _dOCoLC _dAIP _dNSDP _dDLC _dNST _dOUCA _dFU _dPPBIO _dDNAL _dDNLM _dOCoLC _dHEBIS _dGBVCP _dUKMGB _dInU |
||
| 041 | 0 |
_aeng _bpol _arus _feng |
|
| 042 |
_ansdp _apcc |
||
| 050 | 0 | 0 |
_aSB123 _b.G42 |
| 060 | 0 | 0 |
_aW1 _bGE287K |
| 070 | 0 |
_a450 _bG282 |
|
| 072 | 0 | _aF200 | |
| 082 | _2631.5 | ||
| 100 |
_aVirendra Batra _91262 |
||
| 210 | 0 | _aGenetics and plant breeding | |
| 222 | 0 | _aGenetics | |
| 245 | 0 | 0 | _aGenetics and plant breeding |
| 246 | 3 | 1 | _aplant breeding |
| 246 | 3 | 1 | _agenetics |
| 260 |
_ajaipur India _boxford book company _cc2009. |
||
| 300 |
_a35 v. 309p: _bill. ; _c25 cm. |
||
| 590 | _aSERBIB/SERLOC merged record | ||
| 650 | 0 |
_aPlant breeding _vPeriodicals. _91263 |
|
| 650 | 0 |
_aCrops _xGenetics _vPeriodicals. _91264 |
|
| 650 | 0 |
_aGenetics _vPeriodicals. _91265 |
|
| 650 | 0 |
_aHeredity _vPeriodicals. _91266 |
|
| 650 | 2 |
_aGenetics _vPeriodicals. _91267 |
|
| 650 | 2 |
_aPlants _vPeriodicals. _91268 |
|
| 906 |
_a7 _bcbc _cserials _d2 _encip _f19 _gn-oclcserc |
||
| 942 |
_2ddc _cBK |
||
| 999 |
_c479838 _d479838 |
||